Регионална библиотека "Любен Каравелов" - Русе

Лъв (Запис номер 18040)

MARC детайли
000 -Лидер
Контролно поле с фиксирана дължина 00928nam a2200289 c 4500
003 - Код на организацията, давaща контролен номер
Контролно поле BLK
005 - Дата и час на последна редакция
Контролно поле 20200902153118.0
008 - Елементи от данни с фиксирана дължина
fixed length control field 180413b bul|||||r ||||||| ||bul||
010 ## - Наследен системен номер
LC control number KNG00020056000
040 ## - Източник на каталожния запис
Идентификатор на билиотеката - собственик на записа BLK
041 ## - Код за език
Код за езика на текст/звукозапис или на отделно заглавие Български
Код за езика КДБФ Български
080 ## - УДК
Текстов определител УДК Астрология
УДК код - определител по УДК 133.52
УДК - код + определител 133.52
100 1# - Редна дума - Автор
Автор Лютин, Майкъл
Авторска отговорност първи автор
R(LIN) 363687
139 ## - Редно поле
Редна дума Лютън, Майкъл
Авторски знак Лют - Л 96
245 10 - Сведения за заглавието
Заглавие Лъв
Подзаглавни данни Пълен хороскоп [за] 1998 : 21 юли - 21 авг.
Редно поле (дума) Майкъл Лютин.
257 ## - Страна на издаване
Страна на създаване/издаване Съединени американски щати
260 ## - Област на издателските данни
Име на издателя, разпространителя и проч. Зодиак-ВН
Година на издаване 1997
Място на издаване, разпространение и проч. [София]
300 ## - Физическа характеристика
Страници 242 с.
Размери/Мащаб 18 см
380 ## - Жанр
Жанр Философия
500 ## - Общи забележки
Забележка Авт. е отбелязан на с. 12. - 5 000 тир.
650 #4 - Допълнително описание по предмет – тема
Основно описание – тема или топоним Астрология
9 (RLIN) 147757
852 ## - Местоположение
Форматна сигнатура Цб І 29286
Фондова буква Хранилище
856 4# - Електронен адрес и достъп
Електронен формат pdf - файл
Път до файла /url/
999 ## - СИСТЕМНИ КОНТРОЛНИ НОМЕРА
Koha biblionumber 18040
Koha biblioitemnumber 18040
942 ## - АРТИКУЛИ
Вид на библиотечния материал Книги
Скрит в OPAC Не
Периодичен библиозапис Да
944 ## - СЪЗДАВАНЕ И РЕДАКЦИЯ на ЗАПИСА
Създаване/Редакция Създаване
Дата на регистрацията/редакция 15.01.2003
Служител, извършил регистрацията/редакцията AB_DOS
944 ## - СЪЗДАВАНЕ И РЕДАКЦИЯ на ЗАПИСА
Създаване/Редакция Редакция
Дата на регистрацията/редакция 23.12.2016
Служител, извършил регистрацията/редакцията Силвестър_Спасов
999 ## - СИСТЕМНИ КОНТРОЛНИ НОМЕРА
Koha biblioitemnumber 18040
Наличности
Код за отписване Код за изгубен артикул Източник на класификационната схема Код за повреда Коз за рестрикции Код за отдаване Артикулен № Име на библиотеката - собственик Име на библиотеката, в която се намира в момента Статус (Текущо местоположение) Дата на вписване в системата Местоположение - отдел Цена в лева Инвентарен номер Систематично азбучна сигнатура Баркод Номер на екземпляра Цена в евро Служебен тип на артикула
  Не е изгубен Universal Decimal Classification Не е повреден само за читалня ползва се в читалня 30335 Регионална библиотека "Любен Каравелов" Русе Регионална библиотека "Любен Каравелов" Русе Хранилище 2001-01-01 Хранилище 2.00 637637 Цб I 29286 120000637637 1 1.02 Книги
Vip Innovations Ltd, Rousse, Bulgaria 2025